| 000 | 01063cam a2200313 i 4500 | ||
|---|---|---|---|
| 999 |
_c28661 _d28632 |
||
| 001 | 2269311 | ||
| 003 | EG-ScBUE | ||
| 005 | 20200906103819.0 | ||
| 008 | 780607s1977 enka f b 001 0 eng d | ||
| 020 | _a0198740700 | ||
| 040 |
_aDLC _beng _erda _cDLC _dDLC _dEG-ScBUE |
||
| 082 | 0 | 4 |
_a301.44 _bCOA _222 |
| 100 | 1 |
_aCoates, Bryan E. _q(Bryan Ellis) _eauthor. _928911 |
|
| 245 | 1 | 0 |
_aGeography and inequality / _cB. E. Coates, R. J. Johnston, and P. L. Knox. |
| 264 | 1 |
_aOxford : _bOxford University Press, _c1977. |
|
| 300 |
_a292 pages : _billustrations ; _c23 cm |
||
| 336 |
_2rdacontent _atext _btxt |
||
| 337 |
_2rdamedia _aunmediated _bn |
||
| 338 |
_2rdacarrier _avolume _bnc |
||
| 504 | _aIncludes bibliographical references and index. | ||
| 650 | 7 |
_aEquality. _2BUEsh |
|
| 650 | 7 |
_aHuman geography. _2BUEsh |
|
| 653 |
_bGGEN _cAugust2020 |
||
| 655 |
_vReading book _934232 |
||
| 700 | 1 |
_aJohnston, R. J. _q(Ronald John), _ejoint author. |
|
| 700 | 1 |
_aKnox, Paul L., _ejoint author. |
|
| 906 |
_a7 _bcbc _corignew _d3 _encip _f19 _gy-gencatlg |
||
| 942 |
_2ddc _cBB |
||